| 000 | 00568nam a2200193 u 4500 | ||
|---|---|---|---|
| 005 | 20220802114433.0 | ||
| 008 | 080129s2006 r 000 0 eng d | ||
| 020 | _a9684765819 | ||
| 035 | _aUPN01000153932 | ||
| 049 | _aCG | ||
| 050 | 4 |
_aPQ7296 J6 _bR4.3 |
|
| 100 | 1 | _aReyes Antúnez, Roberto | |
| 245 | 1 | 4 |
_aLos enigmas de Sor Juana / _cRoberto Reyes. |
| 260 |
_aMéxico : _bFontamara, _c2006. |
||
| 300 | _a232 p. | ||
| 440 | 0 |
_aCisne. _pNovela ; _v31 |
|
| 600 | 0 | 2 |
_aJuana Inés de la Cruz, _cSor, _d1651-1695 - _xCrítica e interpretación _98793 |
| 905 | _aLibro | ||
| 999 |
_c126053 _d126053 |
||